[Event "EU-ch (Women) 24th"]
[Site "Rhodes"]
[Date "2024.04.20"]
[Round "2"]
[White "Babiy, Olga"]
[Black "Manakova, Maria"]
[Result "1-0"]
[WhiteElo "2306"]
[BlackElo "2148"]
[PlyCount "107"]
[EventDate "2024.04.19"]
[EventType "swiss"]
[EventRounds "10"]
[EventCountry "GRE"]
[SourceTitle "CB18_2024"]
[SourceDate "2024.05.01"]
[SourceVersion "1"]
[SourceVersionDate "2024.05.01"]
[SourceQuality "2"]

1. e4 c5 2. Nf3 Nc6 3. d4 cxd4 4. Nxd4 e5 5. Nb5 d6 6. N1c3 a6 7. Na3 b5 8. Nd5 Be6 9. c3 Be7 10. g3 Nf6 11. Bg2 0-0 12. 0-0 Na5 13. Nc2 Nxd5 14. exd5 Bd7 15. f4 Bf6 16. Kh1 Qc8 17. fxe5 Bg4 18. Bf3 Bxf3+ 19. Qxf3 Bxe5 20. Ne3 Nc4 21. Nf5 Qb7 22. b3 Nb6 23. Ba3 Rad8 24. Rad1 Kh8 25. Rfe1 f6 26. Bb4 Rd7 27. Ba5 Rc8 28. Rd3 g6 29. Bxb6 Qxb6 30. Nd4 Bxd4 31. Rxd4 Kg7 32. Rde4 Rf7 33. Re6 Qc7 34. R1e3 Qc5 35. Kg2 Rcc7 36. h4 h5 37. Kh3 a5 38. Qe4 Qa3 39. Qb1 Qc5 40. Qd3 Qa3 41. Qd2 Qc5 42. Kh2 Ra7 43. Rf3 b4 44. c4 a4 45. Qb2 axb3 46. axb3 Kh7 47. Rfxf6 Rxf6 48. Qxf6 Rg7 49. Re8 Qa7 50. Qf8 Kh6 51. Qh8+ Rh7 52. Qf6 Qa2+ 53. Kh3 Qd2 54. Rg8 1-0

[Event "Belgrade (Women) 54th"]
[Site "Belgrade"]
[Date "2023.05.14"]
[Round "9"]
[White "Rakhmangulova, Anastasiya"]
[Black "Manakova, Maria"]
[Result "1-0"]
[WhiteElo "2308"]
[BlackElo "2146"]
[PlyCount "69"]
[EventDate "2023.05.08"]
[EventType "tourn"]
[EventRounds "9"]
[EventCountry "SRB"]
[SourceTitle "CBM 214 Extra"]
[Source "ChessBase"]
[SourceDate "2023.07.31"]
[SourceVersion "1"]
[SourceVersionDate "2023.07.31"]
[SourceQuality "1"]

1. e4 c5 2. Nf3 Nc6 3. d4 cxd4 4. Nxd4 Nf6 5. Nc3 e5 6. Ndb5 d6 7. Bg5 a6 8. Na3 b5 9. Nd5 Be7 10. Bxf6 Bxf6 11. c3 Bg5 12. Nc2 0-0 13. a4 bxa4 14. Rxa4 a5 15. Bc4 Rb8 16. b3 Kh8 17. Nce3 g6 18. h4 Bxh4 19. g3 Bg5 20. f4 exf4 21. gxf4 Bf6 22. Ra2 Kg7 23. Rah2 Rh8 24. Kd2 Be6 25. Kc2 a4 26. b4 Rc8 27. Qf1 Nb8 28. f5 Bxd5 29. Nxd5 Nd7 30. fxg6 fxg6 31. Nf4 Nf8 32. Rg2 Rxc4 33. Qxc4 Be5 34. Nh5+ Kh6 35. Qf7 1-0

[Event "Dimitrovgrad Spring"]
[Site "Dimitrovgrad"]
[Date "2023.04.16"]
[Round "9"]
[White "Manakova, Maria"]
[Black "Mehmed, Elif"]
[Result "1-0"]
[WhiteElo "2163"]
[BlackElo "2180"]
[PlyCount "91"]
[EventDate "2023.04.11"]
[EventType "schev"]
[EventRounds "9"]
[EventCountry "BUL"]
[SourceTitle "CBM 213 Extra"]
[Source "ChessBase"]
[SourceDate "2023.05.31"]
[SourceVersion "1"]
[SourceVersionDate "2023.05.31"]
[SourceQuality "1"]
[WhiteTeam "Team C"]
[BlackTeam "Team B"]
[WhiteTeamCountry "BUL"]
[BlackTeamCountry "BUL"]

1. e4 c5 2. Nf3 Nc6 3. d4 cxd4 4. Nxd4 Nf6 5. Nc3 h5 6. Nf3 g6 7. h3 d6 8. Bc4 Bg7 9. Be3 0-0 10. Qd2 Na5 11. Bd3 Be6 12. Ng5 Bd7 13. f4 Qc7 14. 0-0 Rfd8 15. Qf2 Nc6 16. Nb5 Qb8 17. Rae1 Be8 18. Nd4 e5 19. Nxc6 bxc6 20. fxe5 dxe5 21. b3 Qc7 22. Bc4 Rd7 23. Qh4 Qd8 24. Qg3 Qe7 25. Nf3 Kh7 26. Bg5 Qc5+ 27. Kh1 Qa5 28. Qxe5 Nd5 29. Qg3 Nb6 30. Bd3 Qxa2 31. e5 Rxd3 32. cxd3 Qxb3 33. Bf6 Nd5 34. Bxg7 Kxg7 35. Nd4 Qb4 36. Nf5+ Kg8 37. Qg5 Qb7 38. Rf3 Qb4 39. Ref1 Qf8 40. Nh6+ Kg7 41. Rg3 Ne7 42. Qxh5 Qh8 43. Qg5 Qxh6 44. Qxe7 Qh5 45. Qf6+ Kh7 46. Rg4 1-0

[Event "Dimitrovgrad Spring"]
[Site "Dimitrovgrad"]
[Date "2023.04.13"]
[Round "4"]
[White "Koutlas, Nikolaos"]
[Black "Manakova, Maria"]
[Result "1-0"]
[WhiteElo "2305"]
[BlackElo "2163"]
[PlyCount "79"]
[EventDate "2023.04.11"]
[EventType "schev"]
[EventRounds "9"]
[EventCountry "BUL"]
[SourceTitle "CBM 213 Extra"]
[Source "ChessBase"]
[SourceDate "2023.05.31"]
[SourceVersion "1"]
[SourceVersionDate "2023.05.31"]
[SourceQuality "1"]
[WhiteTeam "Team B"]
[BlackTeam "Team C"]
[WhiteTeamCountry "BUL"]
[BlackTeamCountry "BUL"]

1. c4 e6 2. Nf3 d5 3. e3 c6 4. Nc3 Nd7 5. b3 Ngf6 6. Bb2 Bd6 7. Qc2 0-0 8. g4 Nxg4 9. Rg1 f5 10. h3 Ngf6 11. 0-0-0 Qe7 12. Kb1 a6 13. Nd4 Rf7 14. Rc1 Nf8 15. cxd5 cxd5 16. Na4 Qd8 17. Bd3 Bd7 18. Nc5 Rc8 19. Nxb7 Qb6 20. Qxc8 Bxc8 21. Nxd6 Qxd6 22. Rxc8 Ne4 23. f3 Qh2 24. Rgc1 Nd6 25. Rd8 Nb7 26. Ra8 Qxd2 27. Bxa6 Qxe3 28. Rxf8+ Rxf8 29. Bxb7 Qd3+ 30. Ka1 Re8 31. a4 Qd2 32. Rc7 g6 33. Rd7 Qb4 34. Ka2 e5 35. Bxd5+ Kh8 36. Ne6 Qd2 37. Ka3 Qe3 38. f4 Rxe6 39. Bxe6 Qxf4 40. Rd5 1-0

[Event "Mediterranean Flower (Women) 23rd"]
[Site "Rijeka"]
[Date "2023.03.09"]
[Round "6"]
[White "Skuhala, Barbara"]
[Black "Manakova, Maria"]
[Result "1-0"]
[WhiteElo "2114"]
[BlackElo "2166"]
[PlyCount "113"]
[EventDate "2023.03.05"]
[EventType "tourn"]
[EventRounds "9"]
[EventCountry "CRO"]
[SourceTitle "CBM 213 Extra"]
[Source "ChessBase"]
[SourceDate "2023.05.31"]
[SourceVersion "1"]
[SourceVersionDate "2023.05.31"]
[SourceQuality "1"]

1. e4 c5 2. Nf3 Nc6 3. Nc3 e5 4. Bc4 d6 5. d3 h6 6. Nd2 Nf6 7. Nf1 Bg4 8. f3 Be6 9. Ne3 Nh5 10. 0-0 Nf4 11. Ned5 g5 12. g3 Bh3 13. Rf2 Nxd5 14. Nxd5 Bg7 15. c3 Qd7 16. b4 cxb4 17. cxb4 Be6 18. Rb1 0-0 19. Kh1 Nd4 20. a4 f5 21. Be3 fxe4 22. dxe4 Rac8 23. Bxd4 Rxc4 24. Bxa7 Qf7 25. Bb6 Kh8 26. a5 g4 27. Qd3 Rd4 28. Bxd4 exd4 29. Nf4 Bc4 30. Qd2 gxf3 31. Rxf3 Bb5 32. Re1 Re8 33. Rf2 Bc6 34. Qd3 Qf5 35. Kg1 Bxe4 36. Qd2 Qb5 37. h4 d3 38. Nxd3 Kh7 39. Nf4 Qc4 40. Rd1 Qb3 41. Kh2 Be5 42. Rdf1 Rg8 43. Rg1 d5 44. Nh5 Rc8 45. Rc1 Rg8 46. Rg1 Bf3 47. Nf6+ Bxf6 48. Qf4 Be4 49. Qxf6 Qxb4 50. Qe5 Rg7 51. Rgf1 Bg6 52. h5 Bd3 53. Rf7 Qg4 54. Rxg7+ Qxg7 55. Rf6 Be4 56. Qe6 Kh8 57. Qe8+ 1-0

[Event "Mediterranean Flower (Women) 23rd"]
[Site "Rijeka"]
[Date "2023.03.08"]
[Round "5"]
[White "Manakova, Maria"]
[Black "Radeva, Viktoria"]
[Result "1-0"]
[WhiteElo "2166"]
[BlackElo "2247"]
[PlyCount "117"]
[EventDate "2023.03.05"]
[EventType "tourn"]
[EventRounds "9"]
[EventCountry "CRO"]
[SourceTitle "CBM 213 Extra"]
[Source "ChessBase"]
[SourceDate "2023.05.31"]
[SourceVersion "1"]
[SourceVersionDate "2023.05.31"]
[SourceQuality "1"]

1. e4 c5 2. Nf3 e6 3. d4 cxd4 4. Nxd4 a6 5. Bd3 Bc5 6. Nb3 Ba7 7. Qe2 Nc6 8. Be3 Nge7 9. Nc3 0-0 10. 0-0-0 b5 11. f4 d6 12. e5 d5 13. Bxa7 Rxa7 14. Qh5 h6 15. g4 Qb6 16. Rhf1 Nb4 17. g5 Nxd3+ 18. Rxd3 Kh7 19. gxh6 g6 20. Qg5 Nf5 21. Ne2 Qd8 22. Nbd4 Rc7 23. Rfd1 Nxd4 24. Nxd4 Rg8 25. Nf3 Bb7 26. R1d2 Rc4 27. Qxd8 Rxd8 28. Ng5+ Kg8 29. Rd4 Rc7 30. h4 Rdc8 31. Rg2 Kh8 32. Rh2 a5 33. a3 Ba6 34. c3 Rb7 35. Kd2 Rc4 36. Rxc4 bxc4 37. Ke3 Bb5 38. h5 gxh5 39. Rxh5 Ba4 40. Rh2 Bd1 41. f5 Bg4 42. fxe6 fxe6 43. h7 Rg7 44. Kf4 Bf5 45. Rh6 Re7 46. Rf6 Kg7 47. Ke3 Rb7 48. Kd4 Rb8 49. Kc5 Bxh7 50. Nxe6+ Kg8 51. Kxd5 Bd3 52. Rf2 Bg6 53. Nc5 Bd3 54. e6 Rd8+ 55. Nd7 Bg6 56. Kd6 Kg7 57. Rg2 a4 58. e7 Ra8 59. Ne5 1-0

[Event "Mediterranean Flower (Women) 23rd"]
[Site "Rijeka"]
[Date "2023.03.05"]
[Round "1"]
[White "Rakhmangulova, Anastasiya"]
[Black "Manakova, Maria"]
[Result "1-0"]
[WhiteElo "2266"]
[BlackElo "2166"]
[PlyCount "127"]
[EventDate "2023.03.05"]
[EventType "tourn"]
[EventRounds "9"]
[EventCountry "CRO"]
[SourceTitle "CBM 213 Extra"]
[Source "ChessBase"]
[SourceDate "2023.05.31"]
[SourceVersion "1"]
[SourceVersionDate "2023.05.31"]
[SourceQuality "1"]

1. e4 d5 2. exd5 Qxd5 3. Nf3 Nf6 4. d4 Bg4 5. Be2 e6 6. c4 Qd8 7. 0-0 c5 8. Qb3 Qb6 9. Qxb6 axb6 10. Nc3 Be7 11. h3 Bh5 12. d5 exd5 13. cxd5 0-0 14. Bf4 Rd8 15. Rad1 Bd6 16. Bxd6 Rxd6 17. g4 Bg6 18. Ne5 Ne4 19. Nxe4 Bxe4 20. Rfe1 Nd7 21. Nxd7 Rxd7 22. Bc4 b5 23. Rxe4 bxc4 24. Rxc4 b6 25. b4 Ra4 26. a3 f6 27. Rd3 Kf7 28. d6 cxb4 29. axb4 b5 30. Rcd4 g5 31. h4 gxh4 32. f4 Kg6 33. Kg2 h5 34. gxh5+ Kxh5 35. Kh3 f5 36. Rc3 Ra6 37. Rcd3 Kg6 38. Rd5 Rb6 39. Kxh4 Kf6 40. Kg3 Rg7+ 41. Kf2 Rd7 42. Ke3 Kg6 43. Rd2 Kf6 44. Rh2 Rc6 45. Rh6+ Kg7 46. Re6 Rc3+ 47. Kd4 Rc4+ 48. Ke3 Rxb4 49. Rxf5 Ra4 50. Rxb5 Ra6 51. Rd5 Kf7 52. f5 Ra3+ 53. Kf4 Ra4+ 54. Kg5 Ra1 55. Re4 Rg1+ 56. Rg4 Rf1 57. Rh4 Kg7 58. f6+ Kg8 59. Re4 Rg1+ 60. Kf5 Rf1+ 61. Ke6 Rf7 62. Rf5 Rd1 63. Rg5+ Kf8 64. Rc5 1-0

[Event "SRB-ch (Women) 16th"]
[Site "Bajina Basta"]
[Date "2022.12.08"]
[Round "3"]
[White "Vujcic, Milena"]
[Black "Manakova, Maria"]
[Result "1/2-1/2"]
[WhiteElo "2048"]
[BlackElo "2201"]
[PlyCount "59"]
[EventDate "2022.12.06"]
[EventType "tourn"]
[EventRounds "9"]
[EventCountry "SRB"]
[SourceTitle "CBM 211 Extra"]
[Source "ChessBase"]
[SourceDate "2023.01.31"]
[SourceVersion "1"]
[SourceVersionDate "2023.01.31"]
[SourceQuality "1"]

1. e4 e6 2. d4 d5 3. e5 c5 4. c3 Nc6 5. Nf3 Bd7 6. Be2 Nge7 7. Na3 Ng6 8. Nc2 cxd4 9. cxd4 f6 10. h4 fxe5 11. h5 Nf4 12. dxe5 Nxe2 13. Qxe2 Be7 14. Nfd4 0-0 15. h6 g6 16. f4 Bb4+ 17. Nxb4 Nxd4 18. Qf2 Qb6 19. Bd2 a5 20. Bc3 axb4 21. Bxd4 Qb5 22. Kd2 b3 23. axb3 Rxa1 24. Rxa1 Qb4+ 25. Bc3 Qe4 26. Qf3 Qxf3 27. gxf3 Rxf4 28. Ra8+ Rf8 29. Rxf8+ Kxf8 30. f4 1/2-1/2

[Event "Cheliabinsk Panchenko Memorial op-B"]
[Site "Cheliabinsk"]
[Date "2022.09.17"]
[Round "6"]
[White "Manakova, Maria"]
[Black "Filippova, Margarita"]
[Result "1/2-1/2"]
[WhiteElo "2192"]
[BlackElo "2069"]
[PlyCount "79"]
[EventDate "2022.09.12"]
[EventType "swiss"]
[EventRounds "10"]
[EventCountry "RUS"]
[SourceTitle "CBM 210 Extra"]
[Source "ChessBase"]
[SourceDate "2022.11.30"]
[SourceVersion "1"]
[SourceVersionDate "2022.11.30"]
[SourceQuality "1"]

1. e4 e5 2. Nf3 Nc6 3. Bc4 Bc5 4. d3 Nf6 5. 0-0 d6 6. c3 a6 7. d4 Ba7 8. dxe5 dxe5 9. Qe2 h6 10. Be3 Bxe3 11. Qxe3 0-0 12. Nbd2 b5 13. Bb3 a5 14. a4 b4 15. cxb4 axb4 16. Rfd1 Qe7 17. Bd5 Ra6 18. Bc4 Ra8 19. h3 Na5 20. Bf1 Ba6 21. Rdc1 Bxf1 22. Nxf1 Qd6 23. Ng3 Rfd8 24. Nf5 Qb6 25. Qxb6 cxb6 26. Rc7 Ne8 27. Re7 Nb3 28. Re1 f6 29. Re3 Nc5 30. N3h4 Rd7 31. b3 Rad8 32. Nxh6+ Kh7 33. N6f5 Rxe7 34. Nxe7 Rd1+ 35. Kh2 Rb1 36. Nhg6 Rxb3 37. Nf8+ Kh8 38. Nfg6+ Kh7 39. Nf8+ Kh8 40. Nfg6+ 1/2-1/2

[Event "Cheliabinsk Panchenko Memorial op-B"]
[Site "Cheliabinsk"]
[Date "2022.09.15"]
[Round "4"]
[White "Manakova, Maria"]
[Black "Poliakova, Varvara"]
[Result "1-0"]
[WhiteElo "2192"]
[BlackElo "1963"]
[PlyCount "142"]
[EventDate "2022.09.12"]
[EventType "swiss"]
[EventRounds "10"]
[EventCountry "RUS"]
[SourceTitle "CBM 210 Extra"]
[Source "ChessBase"]
[SourceDate "2022.11.30"]
[SourceVersion "1"]
[SourceVersionDate "2022.11.30"]
[SourceQuality "1"]

1. e4 e5 2. Nf3 Nc6 3. Bc4 Bc5 4. c3 Nf6 5. d3 a6 6. Bb3 Ba7 7. h3 d6 8. Nbd2 h6 9. a4 Be6 10. Bc2 Qd7 11. Nf1 d5 12. Qe2 d4 13. a5 Bc5 14. Ba4 Qd6 15. b4 Ba7 16. Bd2 dxc3 17. Bxc3 Nd7 18. Bxc6 Qxc6 19. Qb2 f6 20. Ng3 h5 21. 0-0 h4 22. Nf5 Kf7 23. Rac1 Bxf5 24. exf5 Qd5 25. Qe2 Rae8 26. Bb2 c5 27. Rc4 cxb4 28. Rxb4 Nc5 29. Rd1 e4 30. dxe4 Qxf5 31. exf5 Rxe2 32. Bd4 Re7 33. Rc4 Rc8 34. Rdc1 Rec7 35. Nxh4 b5 36. axb6 Bxb6 37. Rb1 Nd7 38. Rxc7 Rxc7 39. Bxb6 Rb7 40. Ng6 Nxb6 41. Nf4 Rb8 42. Nd5 Nd7 43. Re1 Nb6 44. Nxb6 Rxb6 45. Rc1 Rb7 46. Ra1 Ra7 47. Ra5 Ke7 48. Kf1 Kd6 49. Ke2 Kc6 50. Kd3 Kb6 51. Ra2 a5 52. Kc4 Rc7+ 53. Kb3 Kb5 54. Re2 a4+ 55. Kb2 Kb4 56. Re4+ Rc4 57. Rxc4+ Kxc4 58. g4 Kd4 59. h4 Ke4 60. h5 Kf4 61. f3 Kxf3 62. g5 fxg5 63. h6 gxh6 64. f6 g4 65. f7 g3 66. f8Q+ Ke2 67. Qxh6 g2 68. Qg5 Kf2 69. Qf4+ Ke2 70. Qg3 Kf1 71. Qf3+ Kg1 1-0

[Event "Cheliabinsk Kurnosov Memorial Rapid-B"]
[Site "Cheliabinsk"]
[Date "2022.09.09"]
[Round "2"]
[White "Nosacheva, Mariya"]
[Black "Manakova, Maria"]
[Result "1-0"]
[WhiteElo "2166"]
[BlackElo "2192"]
[PlyCount "85"]
[EventDate "2022.09.09"]
[EventType "swiss (rapid)"]
[EventRounds "11"]
[EventCountry "RUS"]
[SourceTitle "CBM 210 Extra"]
[Source "ChessBase"]
[SourceDate "2022.11.30"]
[SourceVersion "1"]
[SourceVersionDate "2022.11.30"]
[SourceQuality "1"]

1. e4 c5 2. Nf3 Nc6 3. d4 cxd4 4. Nxd4 Nf6 5. Nc3 e5 6. Ndb5 d6 7. Bg5 a6 8. Na3 b5 9. Bxf6 gxf6 10. Nd5 Bg7 11. c4 b4 12. Nc2 f5 13. exf5 Bxf5 14. Nce3 Be6 15. Bd3 a5 16. 0-0 Nd4 17. Qh5 h6 18. f4 Ra7 19. Rae1 Qc8 20. f5 Bd7 21. f6 Bf8 22. Nb6 Qc5 23. Nxd7 Rxd7 24. Kh1 Rg8 25. Nd5 Rg5 26. Qh4 Ra7 27. b3 Kd8 28. Qe4 Qc8 29. h3 Qc5 30. Qh7 Ne6 31. Be4 Rg3 32. Ne7 Bxe7 33. fxe7+ Rxe7 34. Rxf7 Rxf7 35. Qxf7 Nf4 36. Rd1 Qc7 37. Qf8+ Kd7 38. Qxh6 Ne2 39. Kh2 Rc3 40. Qg7+ Kd8 41. Qxe5 Kc8 42. Rxd6 Ng3 43. Qe8+ 1-0

[Event "Ustron op-A"]
[Site "Ustron"]
[Date "2022.08.18"]
[Round "7"]
[White "Manakova, Maria"]
[Black "Kacprzak, Kacper"]
[Result "0-1"]
[WhiteElo "2236"]
[BlackElo "2273"]
[PlyCount "138"]
[EventDate "2022.08.12"]
[EventType "swiss"]
[EventRounds "9"]
[EventCountry "POL"]
[SourceTitle "CBM 210 Extra"]
[Source "ChessBase"]
[SourceDate "2022.11.30"]
[SourceVersion "1"]
[SourceVersionDate "2022.11.30"]
[SourceQuality "1"]

1. e4 c5 2. Nf3 e6 3. d4 cxd4 4. Nxd4 Nc6 5. Nc3 Qc7 6. Be2 a6 7. 0-0 Nf6 8. Kh1 Be7 9. f4 d6 10. a4 0-0 11. Be3 Re8 12. Bf3 Rb8 13. g4 d5 14. e5 Nd7 15. Bg2 Nxd4 16. Bxd4 b5 17. axb5 axb5 18. Ra7 Qc6 19. f5 Bc5 20. f6 Bf8 21. fxg7 Bxg7 22. g5 Rb7 23. Qh5 Re7 24. Rxb7 Bxb7 25. Rf6 Qc4 26. Rf4 Qc6 27. Rh4 Nf8 28. b4 Qc4 29. Kg1 Qxb4 30. Bf1 Rc7 31. Nxb5 Rc4 32. Bxc4 dxc4 33. Nc3 Qa5 34. Qe2 Ng6 35. Re4 Bxe4 36. Nxe4 Qd5 37. c3 Nxe5 38. Nf6+ Bxf6 39. gxf6 Ng6 40. Qe3 Qh5 41. Qe4 Qg5+ 42. Kf2 Qh4+ 43. Qxh4 Nxh4 44. Ke3 h6 45. Bc5 Nf5+ 46. Ke4 Kh7 47. Ke5 Kg6 48. Bf2 Kg5 49. h3 Kg6 50. Bc5 Kh5 51. Bf2 Kg5 52. Be1 h5 53. Bf2 Kg6 54. Bc5 Ng3 55. Kd4 Kxf6 56. Kxc4 Ke5 57. Ba7 Ne2 58. Bf2 Ke4 59. Be1 Nf4 60. Kb5 Nxh3 61. Kc6 Ng5 62. Kd6 Nf3 63. Bf2 Kd3 64. Ke7 Kxc3 65. Kxf7 e5 66. Kg6 h4 67. Kf5 h3 68. Bg3 Kd4 69. Kg4 h2 0-1